000 00643nam a2200241Ia 4500
003 OSt
005 20220918192746.0
006 a|||||r|||| 00| 0
007 ta
008 220917b |||||||| |||| 00| 0 eng d
024 _a70,111
037 _cTextual
040 _aARTS
_cARTS
_beng
041 _2eng
_aeng
082 _aQ8441:332wK66, M3
100 _aPritam Singh Safeer
_980068
245 0 _aTenth Master
260 _aNew Delhi
_bGuruNanak Foundation India
_c1983
300 _a128p.
_ccm.
650 _aRELIGION
942 _hQ8441:332wK66, M3
_cTEXL
_2CC
999 _c196212
_d196212